Hemisphericity in athletes and dancers /

Bibliographic Details
Main Author: Griffin, Joy
Format: Thesis Microform Book
Language:English
Published: [Place of publication not identified] : [publisher not identified] ; 1983.
Subjects:

MARC

Tag First Indicator Second Indicator Subfields
LEADER 00000cam a2200000 a 4500
001 in00000024725
005 20151007054359.0
007 he bmb|||||||
008 850510r19851983orua bb 00010 eng d
035 |a (OCoLC)12021143 
035 |9 AAB4868AM 
040 |a ORU  |c INT  |d INT  |d HPE  |d m/c  |d TXA  |d UtOrBLW 
049 |a TXAI 
099 |a fiche  |a C  |a 8524 
100 1 |a Griffin, Joy. 
245 1 0 |a Hemisphericity in athletes and dancers /  |c by Joy Griffin. 
264 1 |a [Place of publication not identified] :  |b [publisher not identified] ;  |c 1983. 
300 |a vii, 106 leaves :  |b illustrations 
336 |a text  |b txt  |2 rdacontent 
337 |a microform  |b h  |2 rdamedia 
338 |a microfiche  |b he  |2 rdacarrier 
502 |b Ed. D.  |c Brigham Young University  |d 1983. 
504 |a Bibliography: leaves [80]-87. 
533 |a Microfiche.  |b Eugene :  |c Microform Publications, College of Human Development and Performance, University of Oregon,  |d 1985.  |e 2 microfiches : negative ; 11 x 15 cm. 
500 |a Appendix B (leaves 92-98) not reproduced. 
500 |a Microform. 
650 0 |a Cerebral dominance. 
650 0 |a Athletes  |x Psychology. 
650 0 |a Dancers  |x Psychology. 
999 |a MARS 
999 f f |s 933362d5-a012-3b75-ae4f-5185d0980d1e  |i c55852ba-49e9-3d9b-9878-0777b49a36e1  |t 0 
952 f f |p normal  |a Texas A&M University  |b College Station  |c Sterling C. Evans Library  |d Evans: Microforms (3rd floor)  |t 0  |e fiche C 8524  |h Other scheme  |i microform -- microfiche  |m A14822823926 
998 f f |a fiche C 8524  |t 0  |l Evans: Microforms (3rd floor)